Modern cable television technology: video, voice, and data communications

Uloženo v:
Podrobná bibliografie
Hlavní autoři: Cicciora, Walter (Autor), Farmer, James (Autor), Large, David (Autor), Adams, Michael (Autor)
Médium: Kniha
Jazyk:angličtina
Vydáno: San Francisco Elsevier 2004
Vydání:2a. ed
Edice:The Morgan Kaufmann Series in Networking
Témata:
Tagy: Přidat tag
Žádné tagy, Buďte první, kdo vytvoří štítek k tomuto záznamu!

MARC

LEADER 00000nam a2200000 a 4500
001 UCK7108
003 CL-VaPUC
008 051111e20040000US |||||||||||||||||eng|d
020 |a 1558608281 
082 0 4 |a 384.555  |b CIC  |2 21 
100 0 |a Cicciora, Walter  |e author  |9 496541 
700 0 |a Farmer, James  |e author  |9 496542 
700 0 |a Large, David  |e author  |9 496543 
700 0 |a Adams, Michael  |e author  |9 496544 
245 1 0 |a Modern cable television technology: video, voice, and data communications 
250 |a 2a. ed 
300 |a 1053 p 
942 |c BK 
945 |d 20051111 00:00:00  |a cmena 
260 |a San Francisco  |b Elsevier  |c 2004 
650 7 |a TELEVISION POR CABLE  |2 CL-VaPUC  |9 341645 
650 0 |a Señales digitales   |9 453966 
650 0 |a Telecomunicaciones   |9 257195 
650 0 |a Medios de comunicación de masas  |9 257273 
650 7 |a FIBRA OPTICA  |2 CL-VaPUC  |9 406978 
650 7 |a BANDA ANCHA  |2 CL-VaPUC  |9 471403 
650 7 |a TRANSMISION DE DATOS  |2 CL-VaPUC  |9 460472 
583 |a last modification  |c 20051111 00:00:00  |k Rodrigo Vera 
490 0 |a The Morgan Kaufmann Series in Networking 
999 |c 315158  |d 315156 
952 |0 0  |1 0  |4 0  |6 384_555000000000000_CIC_2004  |7 0  |8 A  |9 388118  |a BIBING  |b BIBING  |d 2019-11-22  |i 4179544  |o 384.555 CIC 2004  |p 4179544  |r 2025-01-20  |w 2019-11-22  |y BK  |k EIE